000 00551nam a2200121Ia 4500
008 220615s9999||||xx |||||||||||||| ||und||
245 0 _aEurope's Invisible Migrants
546 _aEnglish[eng]
650 _ageschiedenis||sociology||sociologie||history, geography, and auxiliary disciplines
700 _aSmith, Andrea
856 _uhttps://library.oapen.org/bitstream/20.500.12657/35104/1/340242.pdf||https://library.oapen.org/bitstream/20.500.12657/35104/1/340242.pdf||https://library.oapen.org/bitstream/20.500.12657/35104/1/340242.pdf
942 _cEB
999 _c11990
_d11990